| 000 | 00612nam a2200217Ia 4500 | ||
|---|---|---|---|
| 005 | 20250409162840.0 | ||
| 008 | 008 250409s9999 xx 000 0 eng d | ||
| 020 | _a9788175343306 | ||
| 037 | _aTextbook | ||
| 040 |
_aLCT _beng _cLCT |
||
| 041 |
_aeng _2eng |
||
| 084 |
_aX:516:(Z2) / P3 _qLCT |
||
| 100 |
_aUniversal's _9752084 |
||
| 245 | 0 |
_aGuide to Competition Law in India _cby Universal's |
|
| 260 |
_aNew Delhi _bUniversal Law Publishing _c2003 |
||
| 300 | _axvi , 386p. | ||
| 365 |
_aINR _b325 |
||
| 650 | _aLaw | ||
| 942 |
_cTB _hX:516:(Z2) / P3 |
||
| 999 |
_c1308694 _d1308694 |
||